000 00360nam a2200133Ia 4500
008 220216s9999 xx 000 0 und d
100 _aSchidrowitz P
245 0 _aReinforcing of mineral black and its reinforcing and other properties
260 _bIRI Transactions
_c1930
300 _a96-116
650 _aReinforcing
700 _aPhilpott M
942 _cJS
999 _c66655
_d66655